| 000 | 00882cam a2200289 a 4500 | ||
|---|---|---|---|
| 999 |
_c15258 _d15258 |
||
| 001 | 3277111 | ||
| 003 | EG-ScBUE | ||
| 005 | 20210314092256.0 | ||
| 008 | 820125t19821981nyu f 000 1 eng d | ||
| 020 | _a9780140061406 | ||
| 040 |
_aDLC _beng _erda _cDLC _dDLC _dEG-ScBUE |
||
| 082 | 0 | 4 |
_a823 _bGOR _222 |
| 100 | 1 |
_aGordimer, Nadine, _eauthor. _923707 |
|
| 245 | 1 | 0 |
_aJuly's people / _cNadine Gordimer. |
| 250 | _aReprinted edition. | ||
| 264 | 1 |
_aNew York : _bPenguin Books, _c1982. |
|
| 300 |
_a160 pages ; _c20 cm |
||
| 336 |
_2rdacontent _atext _btxt |
||
| 337 |
_2rdamedia _aunmediated _bn |
||
| 338 |
_2rdacarrier _avolume _bnc |
||
| 586 | _aWinner of the Nobel Prize in Literature | ||
| 650 | 7 |
_aRace relations _xFiction. _2BUEsh _923708 |
|
| 651 | 7 |
_aSouth Africa _xFiction. _2BUEsh _923709 |
|
| 653 |
_cMay2011 _bHHUUEENN |
||
| 655 |
_vReading book _934232 |
||
| 942 |
_2ddc _cBB |
||